| 000 | 00780cam a22002291 4500 | ||
|---|---|---|---|
| 001 | 000018994 | ||
| 005 | 20200929165910.0 | ||
| 008 | 780726s1945 miu 000 f eng | ||
| 040 |
_aDO-SdBNP _cKMNC _dDLC _dBNPHU |
||
| 082 |
_a813.42 _bM647p |
||
| 100 | 1 |
_aMiller, Basil, _d1897-1978. _940871 |
|
| 245 | 1 | 0 |
_aPatty Lou : _bthe flying nurse, / _cBasil Miller. |
| 260 |
_aGrand Rapids, Michigan : _bZondervan publishing house, _c[1945]. |
||
| 300 |
_a62 p. ; _c20 cm. |
||
| 490 | 1 |
_aPatty Lou ; _v2 |
|
| 500 | _aIncluye referencia biográfica del autor en la contrasolapa. | ||
| 650 | 4 |
_aEnfermera _vFICCIÓN _940872 |
|
| 650 | 4 |
_aNovela estadounidense _9262 |
|
| 650 | 4 |
_aLiteratura estadounidense _9263 |
|
| 830 | 0 |
_aPatty Lou ; _n2 _940873 |
|
| 910 | _aCatalogación derivada / LC | ||
| 999 |
_c18512 _d18512 |
||